00585nam a2200205 a 4500001001500000003000400015005001700019008004100036020001800077040001000095082001200105100001900117245008300136260005900219300002100278650002300299650002200322700001500344700002000359ASIN0198084560OSt20150408114143.0130927s2013 xxu eng d a9789380578019 aMa-Un04a576.1631 aGarg, Neelima.10aLaboratory manual of food microbiology /cNeelima Garg, K L Garg ,K.G. Mukerji aNew Delhi:bI K International Publishing House c2013. a200 p. ;c25 cm. 0aFoodxMicrobiology 0aFood Microbiology aGarg, K L. a. Mukerji, K.G.